000 01175nam a2200277 i 4500
001 162855
003 ES-MaACL
005 20250928103918.0
008 940615s1889 sp af |||| | spa d
080 _a908(460.186)"18"
100 1 _aRabal, Nicolás.
_9149924
245 1 0 _aSoria /
_cpor Nicolás Rabal ; dibujos a pluma de Isidro Gil ; heliografías de Thomás ; cromos de Xumetra.
260 _aBarcelona :
_bEst. Tip.-Edit. de Daniel Cortezo y Cª,
_c1889.
300 _a542, [2] p., [6] h. de lám. :
_bil. ;
_c24 cm.
490 1 _aEspaña: sus monumentos y artes, su naturaleza e historia
530 _aDisponible en formato digital.
597 _aPort. a dos tintas.
651 4 _aSoria (Provicia)-
_xDescripción.
_99408
700 1 _aGil y Gavilondo, Isidro,
_d1843-1917
_956737
700 1 _aXumetra, F.
_9117524
700 1 _aThomas, Josep,
_d1853-1910
_9133224
830 0 _aEspaña: sus monumentos y artes, su naturaleza e historia
_9188068
852 _aES-MaACL
_jC-2048
_z- Enc. tela roja grabada, con estampaciones doradas y negras
856 _uhttp://archive.org/details/sorianic00raba
_zInternet Archive
999 _c162855
_d162855